Regulation Through Agencies in the EU : (Record no. 618175)

MARC details
000 -LEADER
fixed length control field 00509nam a2200193 a 4500
008 - FIXED-LENGTH DATA ELEMENTS--GENERAL INFORMATION
fixed length control field 260330s2005##################000#0#eng##
020 ## - INTERNATIONAL STANDARD BOOK NUMBER
ISBN 9781845422677
082 04 - DEWEY DECIMAL CLASSIFICATION NUMBER
Classification number 351.4
Item number GER
100 1# - MAIN ENTRY--AUTHOR NAME
Personal name Geradin, Damien,
245 10 - TITLE STATEMENT
Title Regulation Through Agencies in the EU :
260 ## - PUBLICATION, DISTRIBUTION, ETC. (IMPRINT)
Name of publisher Edward Elgar Publishing,
Year of publication 2005.
300 ## - PHYSICAL DESCRIPTION
Number of Pages 302 pages
650 #0 - SUBJECT ADDED ENTRY--TOPICAL TERM
Topical Term Law.
942 ## - ADDED ENTRY ELEMENTS (KOHA)
Koha item type English Books
Holdings
Withdrawn status Lost status Damaged status Not for loan Home library Current library Shelving location Date acquired Full call number Accession Number Price effective from Koha item type
        Anna Centenary Library Anna Centenary Library 4TH FLOOR, A WING 30.03.2026 351.4 GER 343128 30.03.2026 English Books

Find us on the map